| 000 | 00625nam a2200205Ia 4500 | ||
|---|---|---|---|
| 008 | 191130s2008##################000#0#eng## | ||
| 020 | _a9780415474573 | ||
| 040 |
_aACL _cACL |
||
| 082 | _a300 DOY | ||
| 100 | _aDoyal, Len | ||
| 245 |
_aEmpiricism, explanation and rationality : an introduction to the philosophy of the social sciences _cLen Doyal; Roger Harris |
||
| 260 |
_aNew York _bRoutledge _c2008 |
||
| 300 | _axi, 200p | ||
| 500 | _aIncludes index | ||
| 650 | _aSocial sciences -- Philosophy | ||
| 700 | _aHarris, Roger | ||
| 990 | _a6c321c16ac10000c5a8ea9d20d175a73 | ||
| 991 | _a183587 | ||
| 999 |
_c160136 _d160136 |
||